000 01159cam a22003251 4500
001 1698956
003 ARRUPE
005 20150909141657.0
008 740514s1967 nyu b 000 0 eng
010 _a 67010439
040 _aDLC
_cDLC
_dDLC
041 1 _aengger
050 0 0 _aBF789.D4
_bH43 1967
082 0 0 _a155.9/37
_219
100 1 _aHerzog, Edgar.
_919618
240 1 0 _aPsyche und Tod.
_lEnglish
245 1 0 _aPsyche and death;
_barchaic myths and modern dreams in analytical psychology.
_cEnglish translation by David Cox and Eugene Rolfe.
250 _a[1st American ed.]
260 _aNew York,
_bPublished by Putnam for the C. G. Jung Foundation for Analytical Psychology
_c[1967]
300 _a224 p.
_c23 cm.
490 1 _aStudies for the C.G. Jung Institute, Zurich
504 _aBibliography: p. 211-213.
650 0 _aDeath
_xPsychological aspects.
_919619
650 0 _aMythology.
_915384
650 0 _aDreams.
_912980
650 0 _aJungian psychology.
_97018
830 0 _aStudies for the C.G. Jung Institute, Zurich (New York, N.Y.)
_919620
906 _a7
_bcbc
_corignew
_du
_eocip
_f19
_gy-gencatlg
942 _2lcc
_cMONOGRAPH
999 _c123330
_d123330